000 00418cam a22001217a 4500
008 180718b2002 xxu||||| |||| 00| 0 eng d
100 _aLaffont, Jean-Jacques
245 _aTelecommunications reform in cote d'ivoire
_cby Jean-Jacques Laffont and Tchetche N'Guessan
260 _aWashington, D.C.
_bWorld Bank
_c2002
300 _a56p.
440 _aPolicy Research Working Paper, No.2895
700 _aGuessan, Tchetche N.
999 _c288667
_d288667